Kho tàng sử thi Tây Nguyên Sử thi Ba Na: Diông Trong Yuan. Giông Trong Yuăn

Sparad:
Bibliografiska uppgifter
Institutionell upphovsman: Viện Khoa học xã hội Việt Nam. Viện Nghiên cứu Văn hoá
Övriga upphovsmän: Bok Păh (hát kể), Nguyễn Quang Tuệ (s.t.,b.t), Siu Pêt (phiên âm, dịch)
Materialtyp: Bok
Språk:Vietnamese
Publicerad: H. Khoa học xã hội 2006
Ämnen:
Taggar: Lägg till en tagg
Inga taggar, Lägg till första taggen!
Thư viện lưu trữ: Mạng thư viện Đại học Đà Nẵng
LEADER 01492nam a2200397 4500
001 000007016
003 3177
005 20111115091104.0
008 110926s2006 viesd
020 |c 000đ 
041 0 |a vie 
082 |a 398.209597  |b VIÊ 
110 |a Viện Khoa học xã hội Việt Nam. Viện Nghiên cứu Văn hoá 
245 0 |a Kho tàng sử thi Tây Nguyên  |b Sử thi Ba Na: Diông Trong Yuan. Giông Trong Yuăn  |c Hát kể: Bok Păh; S.t, b.t.: Nguyễn Quang Tuệ ; Phiên âm, dịch: Siu Pêt 
260 |a H.  |b Khoa học xã hội  |c 2006 
300 |a 1156 tr  |b bảng, ảnh  |c 24 cm 
500 |a Chính văn bằng hai thứ tiếng: Việt - Ba Na 
504 |a Thư mục tr: 1140-1149 
653 |a Văn học dân gian 
653 |a Dân tộc Ba Na 
653 |a Tây Nguyên 
653 |a Sử thi 
700 |a Bok Păh  |e hát kể 
700 |a Nguyễn Quang Tuệ  |e s.t.,b.t 
700 |a Siu Pêt  |e phiên âm, dịch 
910 |a Nguyễn Thị Kim Oanh  |d 26/09/2011 
OWN |a LSP 
AVA |a UDN50  |b LSP  |d 398.209597 VIÊ  |e available  |t Error 5001 Not defined in file expand_doc_bib_avail.  |f 1  |g 0  |h N  |i 0  |k 1 
999 |a From the UDN01 
AVA |a UDN50  |b LSP  |d 398.209597 VIÊ  |e available  |t Error 5001 Not defined in file expand_doc_bib_avail.  |f 1  |g 0  |h N  |i 0  |k 1 
TYP |a Monograph 
TYP |a Printed language 
980 |a Mạng thư viện Đại học Đà Nẵng